लोहिया : (Record no. 120507)

MARC details
000 -LEADER
fixed length control field 01249nam a22002657a 4500
005 - DATE AND TIME OF LATEST TRANSACTION
control field 20170124103159.0
010 ## - LIBRARY OF CONGRESS CONTROL NUMBER
LC control number B-202674
020 ## - INTERNATIONAL STANDARD BOOK NUMBER
Terms of availability 175.00
International Standard Book Number 8187482567
035 ## - SYSTEM CONTROL NUMBER
System control number B-202674
037 ## - SOURCE OF ACQUISITION
Source of stock number/acquisition Cen Lib/Ret
040 ## - CATALOGING SOURCE
Original cataloging agency DPL
Language of cataloging HN
082 ## - DEWEY DECIMAL CLASSIFICATION NUMBER
Classification number 921
Item number ओमप्र
100 ## - MAIN ENTRY--PERSONAL NAME
Personal name ओमप्रकाश दीपक
9 (RLIN) 90780
245 ## - TITLE STATEMENT
Title लोहिया :
Statement of responsibility, etc ओमप्रकाश दीपक [और] अरविन्द मोहन
Remainder of title एक जीवनी /
246 ## - VARYING FORM OF TITLE
Title proper/short title Lohia : ek jivani /
Remainder of title by Omprakash Deepak [aur] Arvind Mohan
260 ## - PUBLICATION, DISTRIBUTION, ETC. (IMPRINT)
Place of publication, distribution, etc बीकानेर
Name of publisher, distributor, etc वाग्देवी प्रकाशन
Date of publication, distribution, etc 2006
270 ## - ADDRESS
Address विनायक शिखर कॉलेज के पास
City बीकानेर
Postal code 334003
300 ## - PHYSICAL DESCRIPTION
Extent 180पृ.
Dimensions 21सेमी (सजिल्द)
650 ## - SUBJECT ADDED ENTRY--TOPICAL TERM
Topical term or geographic name as entry element राष्ट्रीय नेता -- भारत -- जीवनी
9 (RLIN) 90781
650 ## - SUBJECT ADDED ENTRY--TOPICAL TERM
Topical term or geographic name as entry element राममनोहर लोहिया -- जीवनी
9 (RLIN) 43394
650 ## - SUBJECT ADDED ENTRY--TOPICAL TERM
Topical term or geographic name as entry element National Leader -- India -- Biography
9 (RLIN) 90782
650 ## - SUBJECT ADDED ENTRY--TOPICAL TERM
Topical term or geographic name as entry element Ram Manohar Lohia -- Biography
9 (RLIN) 90783
700 ## - ADDED ENTRY--PERSONAL NAME
Personal name मोहन, अरविन्द
9 (RLIN) 90784
942 ## - ADDED ENTRY ELEMENTS (KOHA)
Source of classification or shelving scheme Dewey Decimal Classification
Koha item type Hindi Books
Classification part 921
Call number suffix ओमप्र
Holdings
Withdrawn status Lost status Damaged status Not for loan Home library Current library Date acquired Source of acquisition Cost, normal purchase price Total Checkouts Full call number Barcode Date last seen Date checked out Copy number Cost, replacement price Price effective from Koha item type Source of classification or shelving scheme Collection code
        Central Library Central Library 23/09/2015 Cen Lib/Ret 175.00 1 921 ओमप्र B-202674 11/09/2019 04/09/2019 1 175.00 23/09/2015 Hindi Books    
        Sarojini Nagar Sarojini Nagar 28/08/2018       921 ओमप्र B-202678 28/08/2018       28/08/2018 Hindi Books Dewey Decimal Classification Non-fiction

© Delhi Public Library
Hit Counter
free hit counter